Polskie platformy cyfrowe (TV) - Statystyki

Ogólne statystyki
  • Ten quiz został rozwiązany 18 razy
  • Średni wynik to 5 z 13
Statystyki odpowiedzi
Hint Odpowiedź % Poprawnych
8 n
89%
6 Cyfrowy Polsat
72%
13 Canal+
67%
7 Netia
67%
12 Play
61%
11 Plus
39%
3 Cyfra+
33%
9 nc+
28%
1 Wizja TV
22%
2 UPC
17%
10 Orange Box
6%
4 Canal+ Cyfrowy
0%
5 Polsat 2 Cyfrowy
0%
Nie znaleziono quizów pasujących do podanych kryteriów
Rozkład punktacji
Procent ludzi z każdym wynikiem
Percentyl według liczby udzielonych odpowiedzi
Twoja historia wyników
Nie rozwiązałeś tego quizu